LDR 00805naa#a2200193#i#450# 001 EN\\bibl\123423 005 20260705215604.7 011 ## _a1994-4683 100 ## _a20230731b2023####ek#y0engy0150####ca 102 ## _aRU 200 1# _aON THE PROBLEM OF REALIZING THE PRINCIPLE OF PLANNED AND SYSTIMATIC TRAINING IN THE DEVELOPMENT OF YOUNG WEIGHTLIFTERS 14-15 YEARS OLD _eJournal article 210 1# _aMoscow _cNational State University of Physical Education, Sports and Health named after P.F. Lesgaft _d2023 215 ## _a3 с. 608 ## _aJournal article _2local 675 ## _aНаправления в спорте. Спортивные средства. Стратегия. Тактика. 796.05 _z 700 #1 _aSuleymanov _gN L 700 #1 _aPonomarev _gA A 700 #1 _aMarokova _gM V 856 4# _auchzapiski.lesgaft.spb.ru _u